[Event "Hastings Masters"]
[Site "?"]
[Date "2007.12.29"]
[Round "2.42"]
[White "Jain, Akshay"]
[Black "Jackson, Oliver"]
[Result "1/2-1/2"]
[WhiteElo "2000"]
[BlackElo "2219"]
[PlyCount "69"]
[EventDate "2007.12.29"]
[SourceDate "2007.12.29"]

1. e4 c5 2. Nf3 e6 3. d4 cxd4 4. Nxd4 a6 5. Nc3 Qc7 6. Bd3 Nc6 7. Nxc6 dxc6 8.
O-O Nf6 9. f4 e5 10. Kh1 Bc5 11. Qe1 Ng4 12. Qg3 h5 13. f5 Bd7 14. a4 O-O-O 15.
Be2 g6 16. Bxg4 hxg4 17. fxg6 fxg6 18. Bg5 Rde8 19. Rad1 Rhf8 20. b3 Qd6 21.
Be3 Bd4 22. Ne2 c5 23. Nxd4 cxd4 24. Bg5 {(=)} Qe6 25. Qd3 Bc6 26. Kg1 g3 27.
h3 Rf2 28. Rxf2 gxf2+ 29. Kxf2 Rf8+ 30. Kg1 Qf7 31. Rd2 b5 32. a5 Qb7 33. Re2
Qf7 34. Rd2 Qb7 35. Re2 1/2-1/2

[Event "Hastings Masters"]
[Site "?"]
[Date "2007.12.29"]
[Round "2.43"]
[White "Lock, Gavin R"]
[Black "Ringor, Rodrigo"]
[Result "1-0"]
[WhiteElo "2215"]
[BlackElo "1848"]
[PlyCount "69"]
[EventDate "2007.12.29"]
[SourceDate "2007.12.29"]

1. Nf3 Nf6 2. c4 e6 3. Nc3 b6 4. g3 Bb7 5. Bg2 d6 6. O-O Be7 7. d4 O-O 8. d5
exd5 9. cxd5 Nbd7 10. Nd4 Re8 11. Rb1 Bf8 12. Re1 h6 13. e4 a6 14. h3 b5 15. b4
Ne5 16. f4 Nc4 17. Kh2 g6 18. Rf1 Bg7 19. Qd3 Nd7 20. Nc6 Qf6 21. e5 dxe5 22.
Ne4 Qxc6 23. dxc6 Bxc6 24. f5 Rad8 25. Qc2 Bxe4 26. Bxe4 g5 27. Rb3 Ndb6 28. f6
Bf8 29. h4 Rd6 30. Qf2 Rd4 31. Qf5 Rxe4 32. Qxe4 Rd8 33. hxg5 Rd4 34. Qf5 Nc8
35. Qxc8 1-0

[Event "Hastings Masters"]
[Site "?"]
[Date "2007.12.29"]
[Round "2.44"]
[White "Spanton, Timothy"]
[Black "Heinis, Vincent"]
[Result "0-1"]
[WhiteElo "1985"]
[BlackElo "2202"]
[PlyCount "64"]
[EventDate "2007.12.29"]
[SourceDate "2007.12.29"]

1. e4 e6 2. d3 d5 3. Nd2 Nf6 4. Ngf3 dxe4 5. dxe4 b6 6. Bc4 Bb7 7. Qe2 Nc6 8.
Nb3 h6 9. O-O g5 10. Rd1 Nd7 11. Nbd4 Nxd4 12. Nxd4 Qf6 13. Nb5 O-O-O 14. Nxa7+
Kb8 15. Nb5 Bc5 16. Bd2 Ne5 17. Bc3 Rhg8 18. Bd3 g4 19. Kh1 Rg5 20. b4 Bxf2 21.
Rf1 g3 22. hxg3 Qg6 23. Rxf2 Nxd3 24. cxd3 Rxb5 25. Qf3 f5 26. Re1 fxe4 27.
dxe4 Rg5 28. Bf6 Rf8 29. Re3 Rg4 30. Qe2 Rxg3 31. Be5 Rxf2 32. Rxg3 Qxg3 0-1

[Event "Hastings Masters"]
[Site "?"]
[Date "2007.12.29"]
[Round "2.45"]
[White "Huizer, Mark"]
[Black "Macrae, James"]
[Result "1-0"]
[WhiteElo "2201"]
[BlackElo "1766"]
[PlyCount "87"]
[EventDate "2007.12.29"]
[SourceDate "2007.12.29"]

1. c4 e6 2. Nf3 b6 3. g3 Bb7 4. Bg2 Nf6 5. Nc3 c5 6. O-O Be7 7. d4 cxd4 8. Qxd4
Nc6 9. Qd3 Nb4 10. Qb1 O-O 11. e4 d6 12. Rd1 Qc8 13. b3 Rd8 14. Bb2 Bc6 15. a3
Na6 16. b4 Bb7 17. Qd3 d5 18. cxd5 exd5 19. e5 Ne4 20. Rac1 Nxc3 21. Bxc3 Qc4
22. Qb1 Qg4 23. Nd4 Nc7 24. f4 Ne6 25. Bf3 Qh3 26. Nf5 Bf8 27. Ne3 Nc7 28. Bb2
Qd7 29. Bg4 Ne6 30. f5 Ng5 31. e6 fxe6 32. fxe6 Nxe6 33. Qf5 Re8 34. Nxd5 Bxd5
35. Rxd5 Qf7 36. Qd3 Nd8 37. Rf1 Qg6 38. Bf5 Qh6 39. Bc1 Qc6 40. Bxh7+ Kh8 41.
Rh5 g6 42. Bxg6+ Kg8 43. Bf7+ Nxf7 44. Qh7# 1-0

[Event "Hastings Masters"]
[Site "?"]
[Date "2007.12.29"]
[Round "2.46"]
[White "Milnes, Anthony CP"]
[Black "Kreiter, Thomas"]
[Result "1/2-1/2"]
[WhiteElo "2126"]
[BlackElo "1749"]
[PlyCount "69"]
[EventDate "2007.12.29"]
[SourceDate "2007.12.29"]

1. e4 c5 2. Nc3 Nc6 3. f4 e6 4. Nf3 Nge7 5. d4 cxd4 6. Nxd4 Nxd4 7. Qxd4 Nc6 8.
Qf2 d5 9. Bd3 Be7 10. O-O O-O 11. e5 g6 12. Ne2 Bd7 13. Be3 Rc8 14. c3 Qc7 15.
Qg3 a6 16. h4 Kh8 17. h5 Na5 18. Qh3 Kg8 19. Kf2 Kg7 20. Rh1 Rh8 21. Qg3 Nc4
22. Bc1 Qb6+ 23. Kf1 Bc5 24. b4 Be3 25. Bxc4 Bxc1 26. Rxc1 Rxc4 27. Qg5 Kf8 28.
hxg6 fxg6 29. Qf6+ Kg8 30. Qe7 Bb5 31. Ke1 Re4 32. Rc2 Qe3 33. Qxe6+ Kf8 34.
Qf6+ Kg8 35. Qe6+ 1/2-1/2

[Event "Hastings Masters"]
[Site "?"]
[Date "2007.12.29"]
[Round "2.47"]
[White "Cohen, Ronnie"]
[Black "Pickersgill, Adrian"]
[Result "1/2-1/2"]
[WhiteElo "1973"]
[BlackElo "2088"]
[PlyCount "41"]
[EventDate "2007.12.29"]
[SourceDate "2007.12.29"]

1. e4 d5 2. exd5 Qxd5 3. Nc3 Qa5 4. d4 Nf6 5. Bc4 c6 6. Bd2 Qb6 7. Nf3 Bf5 8.
Bb3 e6 9. Qe2 Nbd7 10. O-O-O O-O-O 11. h3 Bg6 12. Bf4 Nd5 13. Nxd5 cxd5 14. Nh4
Bd6 15. Nxg6 hxg6 16. Bxd6 Qxd6 17. c3 Kb8 18. Kb1 Rc8 19. Rd3 Rc7 20. Rf3 Nf6
21. Bc2 1/2-1/2

[Event "Hastings Masters"]
[Site "?"]
[Date "2007.12.29"]
[Round "2.48"]
[White "Franklin, S."]
[Black "Norinkeviciute, Rasa"]
[Result "1-0"]
[WhiteElo "1917"]
[BlackElo "2064"]
[PlyCount "85"]
[EventDate "2007.12.29"]
[SourceDate "2007.12.29"]

1. e4 g6 2. d4 Bg7 3. Nc3 d6 4. f4 Nd7 5. Nf3 e6 6. Bd3 h6 7. O-O Ne7 8. Ne2
O-O 9. Ng3 f5 10. e5 d5 11. h4 c5 12. c3 Rf7 13. h5 Bf8 14. b3 Rg7 15. Ba3 Nc6
16. hxg6 cxd4 17. Bxf8 Nxf8 18. Nh5 Rxg6 19. Nf6+ Kh8 20. cxd4 Nd7 21. Ng5 Qe7
22. Qh5 Kg7 23. Nxe6+ Qxe6 24. Bxf5 Qf7 25. Bxg6 Qxg6 26. Qxg6+ Kxg6 27. f5+
Kg5 28. Nh7+ Kg4 29. e6 Nb6 30. Rae1 Nxd4 31. e7 Bxf5 32. e8=Q Rxe8 33. Nf6+
Kg5 34. Nxe8 Nd7 35. Nd6 Bg4 36. Nf7+ Kh5 37. Ne5 Kg5 38. Nxg4 Kxg4 39. Re7 Nc5
40. Rg7+ Kh5 41. Kf2 Ne4+ 42. Ke3 Nc2+ 43. Kf4 1-0

[Event "Hastings Masters"]
[Site "?"]
[Date "2007.12.29"]
[Round "2.49"]
[White "Conde, Manuel"]
[Black "Wilson, Alexandra"]
[Result "0-1"]
[WhiteElo "1791"]
[BlackElo "2061"]
[PlyCount "94"]
[EventDate "2007.12.29"]
[SourceDate "2007.12.29"]

1. c4 b6 2. Nc3 e6 3. Nf3 Bb7 4. d4 Bb4 5. e3 Nf6 6. Be2 O-O 7. O-O d5 8. a3
Be7 9. Bd2 Nbd7 10. b4 dxc4 11. Bxc4 c5 12. bxc5 bxc5 13. Be2 Nb6 14. Qc2 Rc8
15. Qb2 Bxf3 16. Bxf3 cxd4 17. exd4 Qxd4 18. Nd1 Qxb2 19. Nxb2 Rc2 20. Bc1 Rfc8
21. Nd3 Nfd5 22. Bxd5 Nxd5 23. Bb2 Nc3 24. Bxc3 R2xc3 25. Rfd1 Bxa3 26. Ne5 f6
27. Nf3 e5 28. h3 Rc1 29. Kf1 a5 30. Ke2 Rxa1 31. Rxa1 Bb4 32. Ra2 Kf7 33. Nh2
Ke6 34. Nf1 f5 35. f3 e4 36. fxe4 fxe4 37. Ne3 Ke5 38. g3 Rc3 39. Rb2 h5 40.
Ra2 g6 41. Rb2 Bc5 42. Nf1 a4 43. Rb8 e3 44. Rb2 a3 45. Ra2 Rb3 46. Kf3 Rb2 47.
Ra1 Rf2# 0-1

[Event "Hastings Masters"]
[Site "?"]
[Date "2007.12.29"]
[Round "2.51"]
[White "Andersen, Daniel"]
[Black "O'Neill, T."]
[Result "1-0"]
[WhiteElo "2013"]
[BlackElo "1551"]
[PlyCount "68"]
[EventDate "2007.12.29"]
[SourceDate "2007.12.29"]

1. c4 Nf6 2. Nc3 g6 3. e4 d6 4. d4 Bg7 5. f3 O-O 6. Be3 c6 7. Bd3 Na6 8. Nge2
Qc7 9. Qd2 Ne8 10. O-O-O f5 11. exf5 Bxf5 12. Bxf5 Rxf5 13. Kb1 b5 14. Ng3 b4
15. Nce2 Ra5 16. Bh6 Rxa2 17. Kxa2 Qa5+ 18. Kb1 Bxh6 19. Qxh6 b3 20. Nc3 Nb4
21. Rd2 Na2 22. Nge2 Qf5+ 23. Ka1 Nb4 24. Qf4 Qa5+ 25. Kb1 Rb8 26. h4 Rb6 27.
Qg5 e5 28. Qe7 Rb8 29. dxe5 Nc2 30. Kc1 Qa1+ 31. Nb1 Na3 32. Nec3 Nxc4 33. Qe6+
Kg7 34. Qxc4 dxe5 {remaining moves illegible} 1-0

[Event "Hastings Masters"]
[Site "Hastings"]
[Date "2007.12.30"]
[Round "3.2"]
[White "Sengupta, Deep"]
[Black "Gormally, Daniel"]
[Result "1/2-1/2"]
[WhiteElo "2447"]
[BlackElo "2484"]
[PlyCount "67"]
[EventDate "2007.12.28"]
[SourceDate "2007.12.28"]

1. e4 c5 2. Nf3 d6 3. d4 cxd4 4. Nxd4 Nf6 5. Nc3 a6 6. Be3 Ng4 7. Bc1 Nf6 8.
Be3 Ng4 9. Bg5 h6 10. Bc1 Nf6 11. Bc4 e6 12. Bb3 Nbd7 13. Be3 Nc5 14. f3 Bd7
15. Qd2 b5 16. O-O Qc7 17. Rfe1 Be7 18. a3 Nxb3 19. cxb3 O-O 20. b4 Rfc8 21.
Rac1 Qd8 22. Nb3 e5 23. Na5 Be6 24. Nd5 Nxd5 25. exd5 Bd7 26. f4 exf4 27. Bxf4
Bf8 28. Nc6 Qf6 29. Rf1 Qg6 30. Rc3 Qh5 31. Re1 Re8 32. Rce3 Rxe3 33. Rxe3 Re8
34. h3 1/2-1/2

[Event "Hastings Masters"]
[Site "Hastings"]
[Date "2007.12.30"]
[Round "3.3"]
[White "Malakhatko, Vadim"]
[Black "Young, Mel"]
[Result "1-0"]
[WhiteElo "2596"]
[BlackElo "1954"]
[PlyCount "51"]
[EventDate "2007.12.28"]
[SourceDate "2007.12.28"]

1. d4 c5 2. d5 Nf6 3. Nc3 g6 4. Nf3 d6 5. e4 Bg7 6. Nd2 O-O 7. Be2 e6 8. Nc4
exd5 9. exd5 Ne8 10. Bf4 Qf6 11. Qd2 Na6 12. Ne4 Qd4 13. Qxd4 cxd4 14. Nexd6
Nxd6 15. Nxd6 Nb4 16. O-O-O Nxd5 17. Bg3 Be6 18. Bf3 Bh6+ 19. Kb1 Nb4 20. a3 a5
21. Bxb7 Ra7 22. axb4 axb4 23. b3 d3 24. Be5 dxc2+ 25. Kxc2 Rd8 26. Ne4 1-0

[Event "Hastings Masters"]
[Site "Hastings"]
[Date "2007.12.30"]
[Round "3.4"]
[White "Greet, Andrew"]
[Black "Chatalbashev, Boris"]
[Result "0-1"]
[WhiteElo "2441"]
[BlackElo "2581"]
[PlyCount "66"]
[EventDate "2007.12.28"]
[SourceDate "2007.12.28"]

1. e4 g6 2. d4 Bg7 3. Nc3 d6 4. f4 Nf6 5. Nf3 O-O 6. Bd3 Nc6 7. e5 dxe5 8. fxe5
Nd7 9. Ne2 Nb4 10. Bc4 Nb6 11. Bb3 a5 12. a3 Na6 13. Be3 a4 14. Ba2 Nd5 15. Bf2
b5 16. O-O c6 17. Qd2 Nac7 18. c3 Bg4 19. Rae1 Bxf3 20. gxf3 f6 21. exf6 exf6
22. Nc1 Qd7 23. Bg3 Ne6 24. Nd3 Rfe8 25. f4 Kh8 26. h4 Bh6 27. h5 Ng7 28. hxg6
Qg4 29. Qg2 Qxg6 30. Bb1 Nf5 31. Bh2 Qh5 32. Bg3 Nxg3 33. Rxe8+ Rxe8 0-1

[Event "Hastings Masters"]
[Site "Hastings"]
[Date "2007.12.30"]
[Round "3.5"]
[White "Georgiev, Vladimir"]
[Black "Roy Chowdhury, Saptarshi"]
[Result "1-0"]
[WhiteElo "2576"]
[BlackElo "2418"]
[PlyCount "65"]
[EventDate "2007.12.28"]
[SourceDate "2007.12.28"]

1. d4 Nf6 2. c4 e6 3. Nc3 c5 4. d5 exd5 5. cxd5 d6 6. e4 g6 7. Bd3 Bg7 8. Nge2
O-O 9. O-O Re8 10. Bg5 Nbd7 11. h3 a6 12. a4 Qc7 13. Kh1 c4 14. Bc2 Nc5 15. Ng3
h6 16. Bxf6 Bxf6 17. f4 Bd7 18. e5 dxe5 19. f5 e4 20. d6 Qd8 21. fxg6 fxg6 22.
Qd5+ Ne6 23. Qxe4 Nf8 24. Qf4 Be5 25. Qxh6 Bg7 26. Qf4 Be6 27. Nge4 Bf5 28. Ng5
Be5 29. Qxc4+ Kg7 30. Qf7+ Kh6 31. Bxf5 Qxg5 32. Ne4 Qd8 33. g4 1-0

[Event "Hastings Masters"]
[Site "Hastings"]
[Date "2007.12.30"]
[Round "3.7"]
[White "Neverov, Valeriy"]
[Black "Satyapragyan, Swayangsu"]
[Result "1-0"]
[WhiteElo "2558"]
[BlackElo "2404"]
[PlyCount "69"]
[EventDate "2007.12.28"]
[SourceDate "2007.12.28"]

1. d4 Nf6 2. c4 e6 3. Nc3 Bb4 4. e3 O-O 5. Nge2 Re8 6. a3 Bf8 7. g3 d5 8. Bg2
c6 9. b3 dxc4 10. bxc4 e5 11. d5 e4 12. O-O cxd5 13. Nxd5 Bg4 14. Ra2 Nbd7 15.
h3 Be6 16. Nef4 Bxd5 17. Nxd5 Nc5 18. Rd2 Nxd5 19. Rxd5 Qb6 20. Qd4 Nb3 21. Qc3
Nxc1 22. Rxc1 Rac8 23. a4 Qc6 24. Qa1 g6 25. a5 Qa6 26. Qa4 Re6 27. c5 b6 28.
c6 bxa5 29. Bf1 Qb6 30. Rb5 Qd8 31. Rb7 Qe8 32. Rc2 Bb4 33. Rxa7 Rcxc6 34. Bc4
Rf6 35. Rxf7 1-0

[Event "Hastings Masters"]
[Site "Hastings"]
[Date "2007.12.30"]
[Round "3.8"]
[White "Islam, Kh Aminul"]
[Black "Hebden, Mark"]
[Result "0-1"]
[WhiteElo "2390"]
[BlackElo "2542"]
[PlyCount "72"]
[EventDate "2007.12.28"]
[SourceDate "2007.12.28"]

1. d4 Nf6 2. c4 c5 3. d5 b5 4. cxb5 a6 5. b6 d6 6. Nc3 g6 7. Qb3 Bb7 8. a4 a5
9. e4 Bg7 10. Bb5+ Nfd7 11. Nf3 O-O 12. O-O Nxb6 13. Bf4 Na6 14. Rfe1 Nb4 15.
Nd2 Rb8 16. Re2 Ba6 17. Bg3 Bxb5 18. Nxb5 Qd7 19. Nc4 Rfe8 20. Nxb6 Rxb6 21.
Rd1 Na6 22. e5 dxe5 23. Bxe5 Bxe5 24. Rxe5 Nc7 25. Rde1 Nxb5 26. axb5 Qxb5 27.
Qc3 Qxb2 28. Qxc5 Rb5 29. Qc7 Rb7 30. Qxa5 Qd4 31. d6 Qxd6 32. Rc5 Rb2 33. Rce5
Qd4 34. R5e3 Rc8 35. Rf1 Rxf2 36. Kxf2 Rc2+ 0-1

[Event "Hastings Masters"]
[Site "Hastings"]
[Date "2007.12.30"]
[Round "3.9"]
[White "Conquest, Stuart"]
[Black "Bogner, Sebastian"]
[Result "1-0"]
[WhiteElo "2540"]
[BlackElo "2383"]
[PlyCount "100"]
[EventDate "2007.12.28"]
[SourceDate "2007.12.28"]

1. e4 c5 2. Nc3 d6 3. f4 g6 4. Nf3 Bg7 5. Bb5+ Bd7 6. Bc4 Nc6 7. O-O Na5 8. Be2
Nc6 9. d3 e6 10. Be3 Nd4 11. e5 Bc6 12. Ne4 dxe5 13. Nxe5 b6 14. c3 Nxe2+ 15.
Qxe2 Ne7 16. Bf2 O-O 17. Bh4 Bxe4 18. dxe4 f6 19. Rad1 Qe8 20. Nc4 Rd8 21. Rxd8
Qxd8 22. Rd1 Qc7 23. Qd2 Nc8 24. Bg3 Bh6 25. a4 Qc6 26. Qc2 Rf7 27. Rd8+ Rf8
28. Rd1 Rf7 29. Ne3 Rd7 30. Ng4 Bg7 31. Re1 Kf7 32. h3 Ne7 33. Bh4 Qc7 34. Rf1
c4 35. Kh1 Rd3 36. Qe2 Qd7 37. Nf2 Rd2 38. Qxc4 Rxb2 39. Rd1 Rd2 40. Rxd2 Qxd2
41. Nd3 h5 42. Qd4 Qe2 43. Kh2 g5 44. Qc4 Qd2 45. Be1 Qe3 46. Bf2 Qd2 47. f5
Kf8 48. fxe6 f5 49. Qc7 Bf6 50. e5 Bxe5+ 1-0

[Event "Hastings Masters"]
[Site "Hastings"]
[Date "2007.12.30"]
[Round "3.10"]
[White "Pert, Nicholas"]
[Black "Dinger, Florian"]
[Result "1-0"]
[WhiteElo "2539"]
[BlackElo "2378"]
[PlyCount "97"]
[EventDate "2007.12.28"]
[SourceDate "2007.12.28"]

1. d4 Nf6 2. Nf3 e6 3. c4 b6 4. Nc3 Bb7 5. a3 d5 6. cxd5 Nxd5 7. e3 Nd7 8. Bd3
c5 9. e4 Nxc3 10. bxc3 Qc7 11. O-O Be7 12. Bb2 O-O 13. Qe2 Rac8 14. Nd2 Bg5 15.
Rad1 e5 16. Nf3 Bf6 17. Bb5 cxd4 18. cxd4 exd4 19. Nxd4 Nc5 20. Nf5 Bxb2 21.
Qxb2 f6 22. Nd6 Rb8 23. f3 Kh8 24. Rf2 Ba6 25. Bxa6 Nxa6 26. Rfd2 Nc5 27. Qc3
h6 28. h3 Kh7 29. Kh1 Rbd8 30. Qc2 Kg8 31. Qc4+ Kh7 32. Qd5 Rd7 33. Qf5+ Kg8
34. Qg6 Ne6 35. Qg4 Nc5 36. Qg6 Ne6 37. Qg4 Nc5 38. Rd5 Kh7 39. h4 Rfd8 40. Nf5
Rxd5 41. exd5 g6 42. Ng3 h5 43. Nxh5 gxh5 44. Qxh5+ Kg7 45. Rd4 Ne6 46. Rg4+
Kf8 47. Qh6+ Ke7 48. Re4 Rxd5 49. Qg7+ 1-0

[Event "Hastings Masters"]
[Site "Hastings"]
[Date "2007.12.30"]
[Round "3.11"]
[White "Bates, Richard"]
[Black "Pavlovic, Milos"]
[Result "1/2-1/2"]
[WhiteElo "2378"]
[BlackElo "2536"]
[PlyCount "63"]
[EventDate "2007.12.28"]
[SourceDate "2007.12.28"]

1. d4 g6 2. c4 Bg7 3. e4 d6 4. Nc3 Nf6 5. h3 O-O 6. Bg5 c5 7. d5 Qa5 8. Bd3
Nxe4 9. Bxe4 Bxc3+ 10. bxc3 Qxc3+ 11. Bd2 Qe5 12. Ne2 Qxe4 13. O-O Qxc4 14. Bh6
Nd7 15. Rc1 Qh4 16. Bxf8 Kxf8 17. Nc3 Nf6 18. Re1 Bf5 19. Qe2 Re8 20. Nb5 Be4
21. Rc4 Qg5 22. Rxe4 Nxe4 23. Qxe4 Qf6 24. a4 a6 25. Na3 Rb8 26. Rb1 b6 27. Rb3
Qf5 28. Qc4 Qe5 29. f4 Qf6 30. Kh2 h5 31. Rf3 Ra8 32. Rb3 1/2-1/2

[Event "Hastings Masters"]
[Site "Hastings"]
[Date "2007.12.30"]
[Round "3.15"]
[White "Flear, Glenn C"]
[Black "Fruteau, Sabine"]
[Result "1-0"]
[WhiteElo "2493"]
[BlackElo "2169"]
[PlyCount "75"]
[EventDate "2007.12.28"]
[SourceDate "2007.12.28"]

1. d4 e6 2. c4 b6 3. e4 Bb7 4. Bd3 Nf6 5. Qe2 d6 6. Nc3 Nc6 7. Nf3 e5 8. d5 Ne7
9. Nh4 g6 10. f4 exf4 11. e5 Nh5 12. exd6 Qxd6 13. Ne4 Qd7 14. Qxh5 gxh5 15.
Nf6+ Kd8 16. Nxd7 Kxd7 17. Bxf4 Re8 18. O-O-O Bg7 19. Rhf1 Bf6 20. Bg3 Bg5+ 21.
Kb1 f6 22. Nf5 Nxf5 23. Bxf5+ Kd8 24. h4 Be3 25. Be6 Rhf8 26. b4 Bc8 27. Rd3
Bh6 28. Rf5 Bg7 29. Rxh5 h6 30. Rf5 Ke7 31. Bxc8 Rxc8 32. Bxc7 Kd7 33. d6 Rce8
34. Kc2 Re4 35. Kb3 Rf7 36. g3 Rf8 37. a4 Re2 38. a5 1-0

[Event "Hastings Masters"]
[Site "Hastings"]
[Date "2007.12.30"]
[Round "3.16"]
[White "Mamedov, Nidjat"]
[Black "Lyell, Mark"]
[Result "1-0"]
[WhiteElo "2565"]
[BlackElo "2197"]
[PlyCount "101"]
[EventDate "2007.12.28"]
[SourceDate "2007.12.28"]

1. c4 b6 2. b3 Bb7 3. Bb2 e6 4. Nf3 f5 5. g3 Nf6 6. Bg2 c5 7. O-O Be7 8. Nc3
O-O 9. d4 Ne4 10. Qc2 Na6 11. Rad1 Bf6 12. a3 Nxc3 13. Bxc3 Be4 14. Qb2 Qe8 15.
dxc5 Nxc5 16. Bxf6 Rxf6 17. b4 Nb7 18. Qb3 d6 19. Nd4 Bxg2 20. Kxg2 Rc8 21. Rc1
f4 22. Qd3 Qf7 23. Nf3 h6 24. Rfe1 Rf8 25. Qe4 e5 26. g4 Qc7 27. h3 Kh8 28. Rg1
Nd8 29. Rgd1 Qb7 30. Qd5 Qxd5 31. cxd5 R6f7 32. Rc8 Rd7 33. Rdc1 Kh7 34. Ra8
Kg8 35. Rcc8 Kf7 36. Nd2 Ke7 37. Rab8 g6 38. h4 g5 39. h5 Kf7 40. e3 fxe3 41.
fxe3 Kg7 42. Ne4 Rh8 43. Ng3 Nf7 44. Nf5+ Kh7 45. Rxh8+ Nxh8 46. Nxh6 Kxh6 47.
Rxh8+ Kg7 48. Rc8 a5 49. Kf3 axb4 50. axb4 Ra7 51. Ke4 1-0

[Event "Hastings Masters"]
[Site "Hastings"]
[Date "2007.12.30"]
[Round "3.17"]
[White "Houska, Jovanka"]
[Black "Fryer, David"]
[Result "1-0"]
[WhiteElo "2404"]
[BlackElo "2065"]
[PlyCount "55"]
[EventDate "2007.12.28"]
[SourceDate "2007.12.28"]

1. d4 Nf6 2. Nf3 c5 3. d5 Qb6 4. Nc3 d6 5. e4 g6 6. Bb5+ Bd7 7. a4 Bxb5 8. axb5
Nbd7 9. O-O Bg7 10. Nd2 O-O 11. Nc4 Qc7 12. Bg5 Nb6 13. Qe2 Nxc4 14. Qxc4 h6
15. Bd2 Qd7 16. Ra3 Ng4 17. h3 Ne5 18. Qe2 g5 19. f4 gxf4 20. Bxf4 Kh7 21. Nd1
Ng6 22. Qh5 Qxb5 23. Rg3 Qe8 24. Ne3 Nxf4 25. Rxg7+ Kxg7 26. Nf5+ Kf6 27. Qh4+
Kg6 28. Qxh6# 1-0

[Event "Hastings Masters"]
[Site "Hastings"]
[Date "2007.12.30"]
[Round "3.18"]
[White "Rendle, Thomas"]
[Black "Kakkanas, Evangelos"]
[Result "1/2-1/2"]
[WhiteElo "2397"]
[BlackElo "2064"]
[PlyCount "95"]
[EventDate "2007.12.28"]
[SourceDate "2007.12.28"]

1. e4 c5 2. Nc3 e6 3. f4 Nc6 4. Nf3 g6 5. Bb5 Nge7 6. O-O Bg7 7. d3 a6 8. Bxc6
Nxc6 9. e5 d5 10. d4 cxd4 11. Ne2 O-O 12. Nexd4 f6 13. Be3 Qe7 14. exf6 Bxf6
15. c3 Bd7 16. b4 Qg7 17. Rc1 Rae8 18. Qd2 Rf7 19. Nxc6 Bxc6 20. Bd4 Bxd4+ 21.
cxd4 Bb5 22. Rfe1 Qf6 23. g3 Qf5 24. Rc3 h6 25. h4 Rg7 26. Kg2 Kh7 27. Rce3 Rc7
28. Rc1 Rec8 29. Rec3 Rxc3 30. Rxc3 Rxc3 31. Qxc3 Bc4 32. Nd2 b5 33. a3 Kg7 34.
Qe3 Kf7 35. Nf3 Qc2+ 36. Qd2 Qb1 37. Kh2 Ke7 38. Ne5 Qe4 39. Ng4 h5 40. Ne5 Kf6
41. Qf2 Be2 42. f5 exf5 43. Qf4 Ke6 44. Nxg6 Bf3 45. Qd2 Qb1 46. Nf4+ Kd7 47.
Ng2 Qf1 48. Qc2 1/2-1/2

[Event "Hastings Masters"]
[Site "Hastings"]
[Date "2007.12.30"]
[Round "3.19"]
[White "Radovanovic, Jovica"]
[Black "Auckland, Elliott"]
[Result "1-0"]
[WhiteElo "2355"]
[BlackElo "1910"]
[PlyCount "169"]
[EventDate "2007.12.28"]
[SourceDate "2007.12.28"]

1. e4 e5 2. Nf3 Nf6 3. Nxe5 d6 4. Nf3 Nxe4 5. d4 d5 6. Bd3 Nc6 7. O-O Be7 8.
Nc3 Bf5 9. Re1 Nxc3 10. bxc3 Bxd3 11. Qxd3 O-O 12. Rb1 b6 13. Bf4 Bd6 14. Ng5
g6 15. Qh3 h5 16. Qg3 Bxf4 17. Qxf4 Qd6 18. Qxd6 cxd6 19. Nh3 Rfe8 20. Nf4 Ne7
21. Re3 Rab8 22. Kf1 b5 23. Ke1 Kf8 24. Kd2 Rb7 25. h4 Reb8 {(=)} 26. Re2 Rc8
27. f3 Rc4 28. Rb4 a5 29. Rxc4 dxc4 30. g4 hxg4 31. fxg4 b4 {(=)} 32. Rh2 b3
33. axb3 cxb3 34. cxb3 Rxb3 35. Kd3 Ra3 36. Rb2 Ra1 37. Rb8+ Kg7 38. Rb7 Kf8
39. Rb8+ Kg7 40. Rb7 Kf8 41. Ke4 Rg1 42. Nd5 Nxd5 43. Kxd5 Rxg4 44. Kxd6 a4 45.
Ra7 Rxh4 {(=)} 46. Rxa4 g5 47. Ke5 g4 48. Kf4 Kg7 49. Ra5 f6 50. Rc5 Kg6 51.
Kg3 Rh1 52. Kxg4 f5+ 53. Kf4 Rf1+ 54. Kg3 Kf6 55. Rc6+ Ke7 56. c4 Rd1 57. d5
Rd4 58. Kf3 Kd7 59. Ke3 Rg4 60. Kd3 Rf4 61. Rh6 Rg4 62. Rf6 Rf4 63. Kc3 Ke7 64.
Re6+ Kd7 65. Rh6 Re4 66. Rf6 Rf4 67. Kb4 Ke7 68. Re6+ Kd7 69. Kc5 Rf1 70. Kd4
Rf4+ 71. Kd3 Rf3+ 72. Re3 Rf1 73. Rh3 Rf4 74. c5 Rf1 75. Rh7+ Kd8 76. c6 Rd1+
77. Kc4 f4 78. Rf7 Rc1+ 79. Kd4 Rf1 80. Ke5 f3 81. Kd6 Ke8 82. c7 Kxf7 83. c8=Q
f2 84. Qf5+ Ke8 85. Qe4+ 1-0

[Event "Hastings Masters"]
[Site "Hastings"]
[Date "2007.12.30"]
[Round "3.21"]
[White "Atako, Chino"]
[Black "Zozulia, Anna"]
[Result "0-1"]
[WhiteElo "2149"]
[BlackElo "2343"]
[PlyCount "56"]
[EventDate "2007.12.28"]
[SourceDate "2007.12.28"]

1. e4 c5 2. Nf3 Nc6 3. d4 cxd4 4. Nxd4 e5 5. Nb5 d6 6. c4 Be7 7. N1c3 a6 8. Na3
Be6 9. Nc2 Nf6 10. Be2 O-O 11. Be3 Rc8 12. O-O Na5 13. b3 b5 14. f3 bxc4 15. b4
Nc6 16. Nd5 Nb8 17. a4 Nxd5 18. exd5 Bf5 19. Na3 c3 20. Bd3 Bg5 21. Bf2 Qf6 22.
Qe2 Bxd3 23. Qxd3 Qg6 24. Qxg6 hxg6 25. Ra2 Nd7 26. Nc2 Nf6 27. Rd1 Bd2 28. Ne1
Nxd5 0-1

[Event "Hastings Masters"]
[Site "Hastings"]
[Date "2007.12.30"]
[Round "3.22"]
[White "Rudd, Jack"]
[Black "Sugden, John N"]
[Result "0-1"]
[WhiteElo "2332"]
[BlackElo "2116"]
[PlyCount "50"]
[EventDate "2007.12.28"]
[SourceDate "2007.12.28"]

1. e4 c5 2. Nf3 e6 3. d4 cxd4 4. Nxd4 a6 5. Bd3 b5 6. O-O Bb7 7. Nc3 Qc7 8. Re1
Nf6 9. e5 Nd5 10. Nxd5 Bxd5 11. c3 Nc6 12. Nxc6 Qxc6 13. Qg4 h5 14. Qg3 h4 15.
Qg4 h3 16. gxh3 Bf3 17. Qg3 Be7 18. Bg5 Bxg5 19. Qxg5 Rxh3 20. Re3 Rh5 21. Qxg7
O-O-O 22. Qxf7 Rg5+ 23. Kf1 Bh5 24. Be4 Qc4+ 25. Bd3 Qg4 0-1

[Event "Hastings Masters"]
[Site "Hastings"]
[Date "2007.12.30"]
[Round "3.23"]
[White "Donovan, Nigel"]
[Black "Prosviriakov, Vladimir"]
[Result "0-1"]
[WhiteElo "2121"]
[BlackElo "2319"]
[PlyCount "46"]
[EventDate "2007.12.28"]
[SourceDate "2007.12.28"]

1. e4 e6 2. d3 d5 3. Nd2 Nf6 4. Ngf3 Nc6 5. e5 Nd7 6. Qe2 f6 7. exf6 Nxf6 8.
Nb3 Bd6 9. Nbd4 O-O 10. Nxe6 Bxe6 11. Qxe6+ Kh8 12. Qh3 Qe7+ 13. Kd1 Rae8 14.
Bd2 Ne5 15. Nxe5 Bxe5 16. c3 d4 17. c4 b5 18. Rc1 bxc4 19. Rxc4 Nd5 20. Be2
Rxf2 21. Bf3 Bf4 22. Bxf4 Nxf4 23. Qg3 Nxd3 0-1

[Event "Hastings Masters"]
[Site "Hastings"]
[Date "2007.12.30"]
[Round "3.24"]
[White "Zhou, Yang-Fan"]
[Black "Thompson, Ian D"]
[Result "1-0"]
[WhiteElo "2068"]
[BlackElo "2309"]
[PlyCount "87"]
[EventDate "2007.12.28"]
[SourceDate "2007.12.28"]

1. e4 e6 2. d3 d5 3. Qe2 Nf6 4. Nf3 Be7 5. g3 b5 6. e5 Nfd7 7. Bg2 c5 8. O-O
Nc6 9. Re1 a5 10. Nbd2 b4 11. h4 Ba6 12. Nf1 O-O 13. N1h2 Qb6 14. c4 bxc3 15.
bxc3 a4 16. Bg5 Rfb8 17. Qe3 Bf8 18. Red1 h6 19. Bf4 d4 20. Qc1 Rc8 21. c4 Rab8
22. Rd2 Qa5 23. Bf1 Rb4 24. Re2 Qc7 25. h5 Rcb8 26. Ng4 Kh7 27. Bxh6 gxh6 28.
Qf4 f5 29. exf6 Qxf4 30. gxf4 Nd8 31. Ng5+ Kg8 32. Nxe6 Nxe6 33. Rxe6 Bc8 34.
Rae1 Nb6 35. f7+ Kxf7 36. Rf6+ Kg8 37. Rg6+ Kh8 38. Nf6 Be6 39. Rxe6 Bg7 40.
Re8+ Rxe8 41. Nxe8 Bf8 42. Bh3 Be7 43. Rxh6+ Kg8 44. Be6+ 1-0